[Event "OP-2022-0-05332"]
[Site "LSS email"]
[Date "2022.09.24"]
[Round "?"]
[White "Gonzalez Castells, Jose Maria"]
[Black "Otero, Julian Jose"]
[Result "1-0"]
[WhiteElo "1502"]
[BlackElo "800"]
[PlyCount "51"]
[EventDate "2022.09.18"]
[EventType "tourn (corr)"]
[EventRounds "4"]
[EventCountry "GER"]
[SourceTitle "Corr 2024"]
[Source "ChessBase"]
[SourceDate "2023.10.19"]
[SourceVersion "1"]
[SourceVersionDate "2023.10.19"]
[SourceQuality "1"]

1. d4 d5 2. c4 c6 3. Nc3 Nf6 4. cxd5 cxd5 5. Bf4 Nc6 6. Nf3 a6 7. Rc1 e6 8. e3 Bd6 9. Bg3 Nh5 10. Bxd6 Qxd6 11. Na4 Qb4+ 12. Nd2 Nf6 13. Rc5 Ne4 14. a3 Qxd2+ 15. Qxd2 Nxd2 16. Kxd2 0-0 17. Nb6 Rb8 18. Bxa6 bxa6 19. Rxc6 Bb7 20. Rc7 f6 21. Rhc1 e5 22. Nd7 exd4 23. exd4 Rfe8 24. Nxb8 Rxb8 25. R1c3 a5 26. Rb3 1-0

[Event "OP-2022-0-05332"]
[Site "LSS email"]
[Date "2022.09.24"]
[Round "?"]
[White "Otero, Julian Jose"]
[Black "Reel, Silas"]
[Result "1-0"]
[WhiteElo "800"]
[BlackElo "800"]
[PlyCount "31"]
[EventDate "2022.09.18"]
[EventType "tourn (corr)"]
[EventRounds "4"]
[EventCountry "GER"]
[SourceTitle "Corr 2024"]
[Source "ChessBase"]
[SourceDate "2023.10.19"]
[SourceVersion "1"]
[SourceVersionDate "2023.10.19"]
[SourceQuality "1"]

1. d4 d5 2. c4 e6 3. Nc3 Nf6 4. Nf3 Be7 5. cxd5 exd5 6. Bf4 c6 7. e3 Nh5 8. Bg3 Nd7 9. Bd3 0-0 10. 0-0 Nxg3 11. hxg3 Nf6 12. Qc2 g6 13. Rfe1 Kg7 14. Kf1 h5 15. Ke2 Rh8 16. Kd2 1-0

[Event "OP-2021-0-05153"]
[Site "LSS email"]
[Date "2021.06.16"]
[Round "?"]
[White "Otero, Julian Jose"]
[Black "Farr, Dorota"]
[Result "0-1"]
[WhiteElo "800"]
[BlackElo "1561"]
[PlyCount "52"]
[EventDate "2021.06.16"]
[EventType "tourn (corr)"]
[EventRounds "4"]
[EventCountry "GER"]
[SourceTitle "Corr 2024"]
[Source "ChessBase"]
[SourceDate "2023.10.19"]
[SourceVersion "1"]
[SourceVersionDate "2023.10.19"]
[SourceQuality "1"]

1. d4 Nf6 2. c4 c6 3. Nc3 d5 4. e3 a6 5. Qc2 Bg4 6. Bd3 dxc4 7. Bxc4 b5 8. Bd3 Nbd7 9. Nge2 c5 10. h3 Bxe2 11. Bxe2 e6 12. 0-0 cxd4 13. exd4 Rc8 14. Bg5 Be7 15. Rfe1 b4 16. Bxa6 Rc7 17. Bf4 0-0 18. Qd3 bxc3 19. Bxc7 Qxc7 20. bxc3 Rd8 21. Bb5 Nd5 22. Rac1 h5 23. a4 N7f6 24. c4 Nf4 25. Qe3 Ng6 26. Red1 Nh4 0-1